American academy notes.

Bibliographic Details
New Title:National Academy of Design (U.S.). Illustrated art notes upon the annual exhibition of the National Academy of Design
Corporate Author: National Academy of Design (U.S.)
Other Authors: Kurtz, Charles M. (Charles McMeen), 1855-1909
Format: Serial
Language:English
Published: New York : Cassell, Peter, Galpin & Co., [1881]
Subjects:
Online Availability: Check for online availability

MARC

Tag First Indicator Second Indicator Subfields
LEADER 00000cas a2200000 a 4500
001 in00002785839
005 20151202172145.0
006 m o d
007 cr |||||||||||
008 100526d18811881nyuar oo 0 0eng c
010 |a  2010234995 
022 |y 2152-8551 
029 1 |a NZ1  |b 13447448 
035 |a (OCoLC)ocn631401049 
035 |a (OCoLC)631401049 
040 |a EYM  |c EYM  |d HUL  |d OCLCQ  |d TXA  |d UtOrBLW 
042 |a pcc 
049 |a TXAM 
090 |a N5020  |b .N45 Electronic 
110 2 |a National Academy of Design (U.S.) 
245 1 0 |a American academy notes. 
264 1 |a New York :  |b Cassell, Peter, Galpin & Co.,  |c [1881] 
264 4 |c ©1881 
336 |a text  |b txt  |2 rdacontent 
337 |a computer  |b c  |2 rdamedia 
338 |a online resource  |b cr  |2 rdacarrier 
362 1 |a Began with: No. 1 (1881). 
500 |a Descripton based on: Number 1 (1881); title from cover (JSTOR, viewed May 26, 2010). 
500 |a Final issue consulted: Number 1 (1881) (JSTOR, viewed May 26, 2010). 
500 |a Edited by Charles M. Kurtz. 
500 |a Electronic resource. 
650 0 |a Art  |v Exhibitions. 
650 0 |a Artists  |v Exhibitions. 
700 1 |a Kurtz, Charles M.  |q (Charles McMeen),  |d 1855-1909. 
776 0 8 |i Also issued in print:  |a National Academy of Design (U.S.).  |t American academy notes  |x 2152-8551  |w (DLC) 2009201287  |w (OCoLC)9034121 
785 0 0 |a National Academy of Design (U.S.).  |t Illustrated art notes upon the annual exhibition of the National Academy of Design  |w (DLC) 2010234994  |w (OCoLC)631405534 
948 |a cataloged  |b h  |c 2012/12/20  |d c  |e spoltoratski  |f 10:34:47 am  |g sc 
994 |a C0  |b TXA 
999 |a MARS 
999 f f |s d9ceb97f-43db-3a78-88f8-5e2537d3b72d  |i 6b9c4f98-31f7-3f9f-a244-2ed6100e4a1d  |t 0 
952 f f |a Texas A&M University  |b College Station  |c Electronic Resources  |d Available Online  |t 0  |e N5020 .N45  |g Electronic  |h Library of Congress classification 
998 f f |a N5020 .N45  |t 0  |l Available Online